| 000 | 00763cam a22002055a 4500 | ||
|---|---|---|---|
| 001 | ##J100737 | ||
| 008 | 000000s1910 000 0 eng u | ||
| 035 | _a(Sirsi) u100737 | ||
| 041 | 0 | _aeng | |
| 050 | 0 | 4 | _a693.54 $2 18 |
| 100 | 1 | _aAddiscott, H. H. | |
| 245 | 0 | 0 |
_aReport of council, 1910 _band a paper on method and its value in the practice of quantity surveying _bwith discussion |
| 260 |
_a[S.l.] _b[s.n.] _c1910 |
||
| 300 |
_a53p. _c21cm. |
||
| 520 | _aSummary of the annual general meeting held on 30 May 1910. The paper read before the council reports on the value of various methods in quantity surveying. | ||
| 651 | 4 |
_aGreat Britain _y1707- |
|
| 690 |
_aQuantity surveying _96263 |
||
| 710 | 2 |
_aQuantity Surveyors' Association _93787 |
|
| 942 | _n0 | ||
| 999 |
_c99787 _d99787 |
||